000 00225nam a2200097Ia 4500
005 20251222114355.0
008 251222s1900||||xx |||||||||||||| ||spa||
082 _aDVD0092/F61/2006
245 0 _aHuellas de santidad:
942 _cDVD
999 _c1407
_d1407